| 000 | 00704nam a2200241 a 4500 | ||
|---|---|---|---|
| 001 | 1680859 | ||
| 003 | ARRUPE | ||
| 005 | 20160816114940.0 | ||
| 008 | 981002s1996 fr 000 0 fre | ||
| 010 | _a 98205434 | ||
| 020 | _a2012352421 | ||
| 035 | _a(OCoLC)36215367 | ||
| 040 |
_aDLC _cDLC |
||
| 050 | 0 | 0 | _aPC2267.B80 1998 |
| 100 | 1 |
_aBled, Edouard. _925146 |
|
| 245 | 1 | 0 |
_aBled / _cEdouard Bled. |
| 260 |
_a[Paris] : _bHachette, _cc1998. |
||
| 300 |
_a159p.; _c24 cm. |
||
| 650 |
_aFrench language _xGrammar _920163 |
||
| 906 |
_a7 _bcbc _corignew _d4 _encip _f19 _gy-gencatlg |
||
| 942 |
_2lcc _cMONOGRAPH |
||
| 999 |
_c125038 _d125038 |
||